PRINCIPLES OF ESTATE MANAGEMENT

Bibliographic Details
Main Author: Thorncroft, Michael (Author)
Format: Book
Published: LONDON : ESTATES GAZETTE, LTd [1965]
Subjects:

MARC

LEADER 00000cam a2200000 7i4500
001 0000009283
005 20260107.0
008 260107s1965 enk b 000 0 eng
020 |q hardcover) ,   |c Hadiah 
040 |a DLC   |b eng   |c INS   |e rda 
090 0 0 |a HD596   |b .T5 1965 
100 1 |a Thorncroft, Michael ,   |e author. 
245 1 0 |a PRINCIPLES OF ESTATE MANAGEMENT   |c by Michael Thorncroft 
264 1 |a LONDON :   |b ESTATES GAZETTE, LTd   |c [1965] 
264 4 |a @1965 
300 |a xiv, 390 pages.: ;   |c 23 cm. 
336 |a text  |2 rdacontent 
337 |a unmediated  |2 rdamedia 
338 |a volume  |2 rdavcarrier 
504 |a Includes bibliographical references 
650 0 0 |a Land tenure   |z Great Britain. 
650 0 0 |a Real estate business   |z Great Britain. 
999 |a 0000022893   |b BOOK   |c Open Shelf   |e Default branch